[Event "Mercredi 2010.10.06 ABCD"]
[Site "Montreal CAN"]
[Date "2010.10.20"]
[Round "3"]
[White "Deshetres, Michel"]
[Black "Gauthier, Luc"]
[Result "0-1"]
[WhiteElo "1803"]
[BlackElo "1835"]
[PlyCount "88"]
[EventDate "2010.10.06"]
[EventType "tourn"]
[EventRounds "5"]
[EventCountry "CAN"]

1. e4 Nf6 2. e5 Nd5 3. Nc3 Nxc3 4. dxc3 d5 5. Bd3 g6 6. Nf3 Bg7 7. Bf4 c5 8. c4
dxc4 9. Bxc4 O-O 10. O-O Nc6 11. Qe2 Bg4 12. c3 Bxf3 13. gxf3 e6 14. Rad1 Qc7
15. Rd6 Rfd8 16. Rfd1 Bf8 17. R6d2 Rxd2 18. Rxd2 Rd8 19. Rxd8 Qxd8 20. Bg3 h5
21. Bb5 Qc7 22. f4 Ne7 23. Bh4 Nf5 24. Bg5 Be7 25. Bxe7 Qxe7 26. Bd3 Ng7 27.
Be4 b6 28. Qd3 Nf5 29. Bxf5 gxf5 30. Qg3+ Kf8 31. Qg5 Qxg5+ 32. fxg5 Kg7 33. h4
f4 34. Kg2 Kg6 35. Kf3 Kf5 36. b3 b5 37. a3 c4 38. bxc4 bxc4 39. a4 a5 40. Ke2
Kxe5 41. f3 Kf5 42. Kf2 e5 43. Ke2 e4 44. fxe4+ Kxe4 0-1

[Event "Mercredi 2010.10.06 ABCD"]
[Site "Montreal CAN"]
[Date "2010.10.20"]
[Round "3"]
[White "Dydak, Mateusz"]
[Black "Khudaverdian, Berj"]
[Result "0-1"]
[WhiteElo "1949"]
[BlackElo "1839"]
[PlyCount "62"]
[EventDate "2010.10.06"]
[EventType "tourn"]
[EventRounds "5"]
[EventCountry "CAN"]

1. e4 e6 2. d4 Nf6 3. Nc3 Bb4 4. Bd3 h6 5. a3 Bxc3+ 6. bxc3 b6 7. Ne2 Bb7 8.
Ng3 Nc6 9. O-O e5 10. d5 Ne7 11. c4 d6 12. f4 Ng6 13. Nf5 Rg8 14. fxe5 Nxe5 15.
Bb2 Nfd7 16. Rb1 Qg5 17. c5 dxc5 18. d6 c6 19. Bxe5 Nxe5 20. d7+ Kf8 21. Nd6
Rd8 22. Nxb7 Rxd7 23. Nxc5 Qe3+ 24. Kh1 Qxc5 25. Rf5 g6 26. Rf6 Kg7 27. Qf1
Rgd8 28. a4 Qd4 29. h3 Nxd3 30. Rxc6 Nf2+ 31. Kh2 Nxe4 0-1

[Event "Mercredi 2010.10.06 ABCD"]
[Site "Montreal CAN"]
[Date "2010.10.20"]
[Round "3"]
[White "Levkovsky, Alexandre"]
[Black "Arsenault, Nicolas"]
[Result "1/2-1/2"]
[WhiteElo "2142"]
[BlackElo "2225"]
[PlyCount "112"]
[EventDate "2010.10.06"]
[EventType "tourn"]
[EventRounds "5"]
[EventCountry "CAN"]

1. c4 Nf6 2. Nc3 e5 3. Nf3 Nc6 4. d4 exd4 5. Nxd4 Bb4 6. Bg5 h6 7. Bh4 O-O 8.
e3 Ne5 9. Rc1 Ng6 10. Bg3 Ne4 11. Be2 d6 12. O-O Bxc3 13. bxc3 Qe7 14. Qb3 Nd2
15. Qb2 Nxf1 16. Rxf1 Ne5 17. Qb1 f5 18. Re1 c5 19. Nf3 Rb8 20. Nd2 Bd7 21. f4
Nc6 22. Bf3 Qf6 23. Qd3 Rbd8 24. e4 Be6 25. exf5 Bxf5 26. Bd5+ Kh8 27. Qf3 Rfe8
28. Ne4 Bxe4 29. Bxe4 Na5 30. Qg4 Rc8 31. Bh4 Qe6 32. Bf5 Qxe1+ 33. Bxe1 Rxe1+
34. Kf2 Rce8 35. Bg6 R1e2+ 36. Kg3 R2e3+ 37. Kh4 Rf8 38. Bc2 Nc6 39. Qg6 Rxf4+
40. g4 Kg8 41. Bf5 Re7 42. Qxd6 Rf2 43. Kg3 Rfe2 44. Qd5+ Kf8 45. Qxc5 R2e3+
46. Kg2 Re2+ 47. Kf3 R2e3+ 48. Qxe3 Rxe3+ 49. Kxe3 Ke7 50. Be4 g5 51. Bxc6 bxc6
52. Kd4 Kd6 53. a3 a6 54. a4 a5 55. Ke4 Ke6 56. Kd4 Kd6 1/2-1/2

[Event "Mercredi 2010.10.06 ABCD"]
[Site "Montreal CAN"]
[Date "2010.10.20"]
[Round "3"]
[White "Luo, Zhao Yang"]
[Black "Yun, Chang"]
[Result "1-0"]
[WhiteElo "1829"]
[BlackElo "1780"]
[PlyCount "59"]
[EventDate "2010.10.06"]
[EventType "tourn"]
[EventRounds "5"]
[EventCountry "CAN"]

1. d4 Nf6 2. c4 g6 3. Nc3 Bg7 4. e4 d6 5. Nf3 O-O 6. Be2 e5 7. O-O Nc6 8. d5
Ne7 9. Ne1 Nd7 10. Be3 f5 11. f3 f4 12. Bf2 g5 13. Rc1 a6 14. b4 b6 15. Nd3 Rf6
16. c5 Rh6 17. cxd6 cxd6 18. a4 Nf6 19. g4 fxg3 20. Bxg3 Nh5 21. Rf2 Qe8 22.
Qd2 Nxg3 23. hxg3 g4 24. fxg4 Rg6 25. g5 Bh6 26. gxh6 Rxg3+ 27. Kf1 Qg6 28. Ke1
Bg4 29. Kd1 Rc8 30. Ne1 1-0

[Event "Mercredi 2010.10.06 ABCD"]
[Site "Montreal CAN"]
[Date "2010.10.20"]
[Round "3"]
[White "Morin, Louis"]
[Black "Sasseville, Jean"]
[Result "1/2-1/2"]
[WhiteElo "1944"]
[BlackElo "1996"]
[PlyCount "92"]
[EventDate "2010.10.06"]
[EventType "tourn"]
[EventRounds "5"]
[EventCountry "CAN"]

1. e4 c6 2. d4 d5 3. Nc3 dxe4 4. Nxe4 Nd7 5. Qe2 e6 6. Bf4 Ndf6 7. O-O-O Nxe4
8. Qxe4 Nf6 9. Qe5 Be7 10. Nf3 O-O 11. Bd3 Qd5 12. c4 Qxe5 13. Nxe5 Rd8 14.
Rhe1 Kf8 15. Bb1 h6 16. Kc2 Bd7 17. Kc3 Be8 18. g4 a5 19. Rg1 b5 20. g5 hxg5
21. Bxg5 bxc4 22. Bxf6 Bxf6 23. f4 c5 24. dxc5 Rac8 25. Kxc4 Rb8 26. Rxd8 Bxd8
27. Kc3 g6 28. b3 Bf6 29. a3 g5 30. Rxg5 Bxg5 31. fxg5 Ke7 32. Ng4 Bc6 33. b4
axb4+ 34. axb4 Rh8 35. g6 Rh3+ 36. Bd3 fxg6 37. Kd4 Rh4 38. Be2 e5+ 39. Kxe5
Bd7 40. Kf4 Bxg4 41. Bxg4 Rxh2 42. b5 Rc2 43. c6 Kd6 44. Bf3 Rb2 45. Kg5 Rxb5+
46. Kxg6 Rc5 1/2-1/2

[Event "Mercredi 2010.10.06 ABCD"]
[Site "Montreal CAN"]
[Date "2010.10.20"]
[Round "3"]
[White "Nardone, Raul"]
[Black "Gates, Claude-Eric"]
[Result "1-0"]
[WhiteElo "1784"]
[BlackElo "1781"]
[PlyCount "95"]
[EventDate "2010.10.06"]
[EventType "tourn"]
[EventRounds "5"]
[EventCountry "CAN"]

1. e4 e5 2. d4 exd4 3. Qxd4 Nc6 4. Qe3 d6 5. Nc3 Nf6 6. Bd2 Be6 7. O-O-O a6 8.
h3 Be7 9. f4 b5 10. f5 Bd7 11. g4 h6 12. Nf3 Ne5 13. Rg1 Nh7 14. Nxe5 dxe5 15.
Qg3 O-O 16. Qxe5 Re8 17. Kb1 Bd6 18. Qd5 Nf6 19. Qd4 Qe7 20. Nd5 Nxd5 21. Qxd5
Qxe4 22. Qxe4 Rxe4 23. Bg2 Bc6 24. Bxe4 Bxe4 25. Rde1 Bd5 26. g5 Bc5 27. Be3
Bxe3 28. Rxe3 h5 29. Re5 c6 30. Rge1 Kf8 31. f6 a5 32. Re7 gxf6 33. gxf6 Kg8
34. h4 Kh7 35. Rg1 Rg8 36. Rxg8 Kxg8 37. Re5 Kh7 38. Rg5 Kh6 39. a3 a4 40. Kc1
Kh7 41. Kd2 Kh6 42. Ke3 Be6 43. Kf4 Ba2 44. Ke5 Bd5 45. Kd6 Kh7 46. Ke7 Be4 47.
Kxf7 Kh6 48. Ke7 1-0

[Event "Mercredi 2010.10.06 ABCD"]
[Site "Montreal CAN"]
[Date "2010.10.20"]
[Round "3"]
[White "Pozdnyakov, Alexander"]
[Black "McNeil-Duval, Hugues"]
[Result "0-1"]
[WhiteElo "1650"]
[BlackElo "1513"]
[PlyCount "40"]
[EventDate "2010.10.06"]
[EventType "tourn"]
[EventRounds "5"]
[EventCountry "CAN"]

1. f4 e6 2. Nf3 Nf6 3. b3 c5 4. Bb2 Nc6 5. e3 Be7 6. Nc3 O-O 7. Ne2 b6 8. Ng3
d5 9. Ne5 Bb7 10. Nxc6 Bxc6 11. d3 Bd6 12. Qf3 Rc8 13. Be2 d4 14. e4 Nd7 15.
O-O f5 16. Bc1 Qh4 17. Bd2 Nf6 18. Rae1 g5 19. fxg5 Ng4 20. h3 Bxg3 0-1

[Event "Mercredi 2010.10.06 ABCD"]
[Site "Montreal CAN"]
[Date "2010.10.20"]
[Round "3"]
[White "Ramaswamy, Kiran"]
[Black "Gauthier, Denis"]
[Result "1/2-1/2"]
[WhiteElo "1932"]
[BlackElo "1920"]
[PlyCount "85"]
[EventDate "2010.10.06"]
[EventType "tourn"]
[EventRounds "5"]
[EventCountry "CAN"]

1. c4 Nf6 2. g3 g6 3. Bg2 Bg7 4. Nc3 d6 5. e4 c5 6. Nge2 O-O 7. O-O Nc6 8. f4
a6 9. d3 Rb8 10. a4 Qc7 11. h3 Nd4 12. Be3 e5 13. g4 b5 14. axb5 axb5 15. Bxd4
cxd4 16. Nxb5 Qb6 17. f5 Bh6 18. Qa4 Bd7 19. Qa6 Bxb5 20. cxb5 Qxb5 21. fxg6
fxg6 22. Qxd6 Rb6 23. Qa3 Qxb2 24. Qxb2 Rxb2 25. Nc1 Bf4 26. Bf3 Rc8 27. Bd1 g5
28. Bb3+ Kg7 29. Bc4 Rc7 30. Ra3 Nxe4 31. dxe4 Rxc4 32. Ra7+ Kg8 33. Ra8+ Kf7
34. Nd3 Rb5 35. Ra7+ Ke6 36. Rxh7 Rc3 37. Rh6+ Kd7 38. Ra1 Rb7 39. Nxf4 gxf4
40. g5 Rg3+ 41. Kf1 Rf3+ 42. Kg1 Rg3+ 43. Kf1 1/2-1/2

[Event "Mercredi 2010.10.06 ABCD"]
[Site "Montreal CAN"]
[Date "2010.10.20"]
[Round "3"]
[White "Tremblay, Alain"]
[Black "Giroux, Robert"]
[Result "0-1"]
[WhiteElo "2122"]
[BlackElo "2070"]
[PlyCount "128"]
[EventDate "2010.10.06"]
[EventType "tourn"]
[EventRounds "5"]
[EventCountry "CAN"]

1. e4 e5 2. Nf3 Nc6 3. Bb5 f5 4. Nc3 Nf6 5. d3 Bb4 6. exf5 Nd4 7. Ba4 O-O 8. a3
Bc5 9. Ne4 Be7 10. Nxd4 exd4 11. O-O d5 12. Ng3 c6 13. c4 dxc3 14. bxc3 Ne8 15.
c4 dxc4 16. dxc4 Qxd1 17. Rxd1 Nd6 18. Bb3 Nxf5 19. Nxf5 Bxf5 20. c5+ Kh8 21.
Be3 Bg4 22. Rd2 Bf6 23. Rb1 Rad8 24. Rxd8 Rxd8 25. Bc2 Bc8 26. h3 g6 27. g4 Kg7
28. Kg2 Rd7 29. Rb4 Re7 30. g5 Bc3 31. Rb3 Ba1 32. Rb1 Bc3 33. Rb3 Ba1 34. Rb1
Be5 35. Rd1 Be6 36. Bc1 Bd5+ 37. f3 Rf7 38. Rd3 Kf8 39. Bb3 Bxb3 40. Rxb3 Bd4
41. Rd3 Bxc5 42. Rd8+ Ke7 43. Rb8 Ke6 44. Bb2 Bd6 45. Ra8 a6 46. a4 c5 47. h4
Kd5 48. Rd8 Kc6 49. a5 Bc7 50. Rd3 Bxa5 51. Be5 Rd7 52. Ra3 Rd2+ 53. Kg3 Bc7
54. Bxc7 Kxc7 55. h5 c4 56. hxg6 hxg6 57. Kg4 Rd3 58. Ra4 b5 59. Rxa6 Rd6 60.
Ra5 Rb6 61. f4 c3 62. f5 gxf5+ 63. Kxf5 c2 64. Ra1 b4 0-1

[Event "Mercredi 2010.10.06 ABCD"]
[Site "Montreal CAN"]
[Date "2010.10.27"]
[Round "4"]
[White "Arsenault, Nicolas"]
[Black "Tremblay, Alain"]
[Result "1-0"]
[WhiteElo "2225"]
[BlackElo "2122"]
[PlyCount "84"]
[EventDate "2010.10.06"]
[EventType "tourn"]
[EventRounds "5"]
[EventCountry "CAN"]

1. e4 c5 2. Nf3 e6 3. d4 cxd4 4. Nxd4 Nf6 5. Nc3 d6 6. Be2 Be7 7. O-O Nc6 8.
Be3 Bd7 9. a4 O-O 10. Nb3 Nb4 11. f3 a6 12. a5 Bc6 13. Na4 d5 14. c3 Bxa4 15.
Rxa4 Nc6 16. exd5 Nxd5 17. Bf2 Bg5 18. Qd3 Nf4 19. Qc2 Nxe2+ 20. Qxe2 Qd5 21.
Nc5 Qd2 22. Qxd2 Bxd2 23. Ne4 Bh6 24. Bb6 Rfe8 25. Rd1 f5 26. Nd6 Re7 27. Nc4
Bf4 28. g3 Bb8 29. Bc5 Ba7 30. Nb6 Bxb6 31. Bxb6 Rf7 32. Rd6 e5 33. Ra1 e4 34.
fxe4 fxe4 35. Rf1 Rxf1+ 36. Kxf1 Re8 37. Rd7 Re7 38. Rxe7 Nxe7 39. Ke2 Nf5 40.
g4 Nd6 41. b3 Kf7 42. Ke3 Ke6 1-0

[Event "Mercredi 2010.10.06 ABCD"]
[Site "Montreal CAN"]
[Date "2010.10.27"]
[Round "4"]
[White "Dydak, Mateusz"]
[Black "Morin, Louis"]
[Result "1-0"]
[WhiteElo "1949"]
[BlackElo "1944"]
[PlyCount "83"]
[EventDate "2010.10.06"]
[EventType "tourn"]
[EventRounds "5"]
[EventCountry "CAN"]

1. e4 c5 2. Nc3 e6 3. f4 d5 4. e5 Nc6 5. Nf3 Nge7 6. g3 Nf5 7. Bg2 Be7 8. d3
O-O 9. O-O b6 10. Bd2 Bb7 11. a4 Nb4 12. Ne2 d4 13. g4 Ne3 14. Bxe3 dxe3 15.
Ng3 Nd5 16. Ne1 Bc6 17. g5 Rc8 18. Be4 Nxf4 19. Rxf4 Bxg5 20. Rg4 f5 21. exf6
e2 22. Qxe2 Qxf6 23. c3 Qh6 24. Ng2 Be8 25. a5 Be7 26. axb6 axb6 27. Ne3 Bg5
28. Ng2 Be7 29. Re1 Kh8 30. Ne3 b5 31. Bg2 Bd7 32. d4 cxd4 33. Rxd4 Rcd8 34.
Rdd1 Bc5 35. Kh1 Rf4 36. Ng4 Qg5 37. Ne5 Be8 38. Rxd8 Qxd8 39. Nd3 Bd6 40. Nxf4
Bxf4 41. Qxe6 Bg6 42. Nf5 1-0

[Event "Mercredi 2010.10.06 ABCD"]
[Site "Montreal CAN"]
[Date "2010.10.27"]
[Round "4"]
[White "Gauthier, Luc"]
[Black "Nardone, Raul"]
[Result "0-1"]
[WhiteElo "1835"]
[BlackElo "1784"]
[PlyCount "64"]
[EventDate "2010.10.06"]
[EventType "tourn"]
[EventRounds "5"]
[EventCountry "CAN"]

1. e4 c5 2. Nc3 Nc6 3. g3 g6 4. Bg2 Bg7 5. d3 d6 6. f4 e6 7. Nf3 Nge7 8. O-O
O-O 9. Be3 Nd4 10. e5 Nec6 11. exd6 Nxf3+ 12. Qxf3 Bxc3 13. bxc3 Qxd6 14. Rab1
c4 15. dxc4 Qa3 16. f5 exf5 17. Bh6 Re8 18. g4 Qc5+ 19. Kh1 Ne5 20. Rfe1 Be6
21. Qxb7 Nxg4 22. Be3 Nxe3 23. Rb5 Qd6 24. Bf3 Qd2 25. Rbb1 Bxc4 26. Qc7 Rac8
27. Qxa7 Nxc2 28. Red1 Re1+ 29. Rxe1 Nxe1 30. Qb7 Be6 31. Rb2 Qxc3 32. Rb3 Qc4
0-1

[Event "Mercredi 2010.10.06 ABCD"]
[Site "Montreal CAN"]
[Date "2010.10.27"]
[Round "4"]
[White "Khudaverdian, Berj"]
[Black "Gauthier, Denis"]
[Result "0-1"]
[WhiteElo "1839"]
[BlackElo "1920"]
[PlyCount "116"]
[EventDate "2010.10.06"]
[EventType "tourn"]
[EventRounds "5"]
[EventCountry "CAN"]

1. e4 c5 2. Nc3 Nc6 3. f4 g6 4. Nf3 Bg7 5. Bb5 Nd4 6. Nxd4 cxd4 7. Ne2 e6 8.
O-O Ne7 9. d3 O-O 10. Ba4 d6 11. b4 b5 12. Bb3 Nc6 13. a3 a5 14. bxa5 Nxa5 15.
Ba2 Bd7 16. Bd2 Nb7 17. Bb4 Qb6 18. Ng3 Nc5 19. Kh1 Na6 20. Be1 b4 21. Rb1 Qc7
22. Bxb4 Nxb4 23. Rxb4 Rxa3 24. Bb3 Qa5 25. Qd2 Ra8 26. h3 Bf8 27. Rf2 d5 28.
Rb7 Bc6 29. Qxa5 R3xa5 30. Rb6 Rc8 31. exd5 exd5 32. Ne2 Bc5 33. Rxc6 Rxc6 34.
Bxd5 Rd6 35. Bb3 Kg7 36. g4 Ra7 37. Kg2 Re7 38. Ng3 Rd8 39. f5 Re5 40. fxg6
fxg6 41. Rf7+ Kh8 42. Ne4 Be7 43. Kg3 Rf8 44. Kf4 Ra5 45. Rxf8+ Bxf8 46. Nd2
Bh6+ 47. Ke4 Bxd2 48. Kxd4 Kg7 49. c4 Kf6 50. c5 Ke7 51. Kd5 Be3 52. d4 Ra3 53.
Bc4 Kd7 54. Ke4 Bf2 55. Bf1 Ra1 56. Bg2 Ra4 57. c6+ Kd6 58. Kf4 Bxd4 0-1

[Event "Mercredi 2010.10.06 ABCD"]
[Site "Montreal CAN"]
[Date "2010.10.27"]
[Round "4"]
[White "Luo, Zhao Yang"]
[Black "Deshetres, Michel"]
[Result "1-0"]
[WhiteElo "1829"]
[BlackElo "1803"]
[PlyCount "105"]
[EventDate "2010.10.06"]
[EventType "tourn"]
[EventRounds "5"]
[EventCountry "CAN"]

1. d4 Nf6 2. c4 e6 3. Nf3 b6 4. Bg5 Bb7 5. Nc3 h6 6. Bh4 Bb4 7. e3 g5 8. Bg3
Ne4 9. Qb3 Bxc3+ 10. bxc3 h5 11. h3 Nxg3 12. fxg3 Qf6 13. Be2 d6 14. O-O Qg6
15. Qb5+ Nd7 16. Qxg5 Rg8 17. h4 Qh7 18. Qf4 f6 19. Ne1 O-O-O 20. Bf3 Qg6 21.
Bxb7+ Kxb7 22. Qf3+ Kb8 23. Kh2 f5 24. Nd3 e5 25. Nb4 e4 26. Qf4 Kb7 27. a4 a5
28. Nd5 Rg7 29. c5 Nf6 30. Nxf6 Qxf6 31. cxb6 cxb6 32. Qxf5 Qxf5 33. Rxf5 Rdg8
34. Rxh5 Rxg3 35. Rg5 R8xg5 36. hxg5 Rxg5 37. c4 d5 38. cxd5 Rxd5 39. g4 b5 40.
axb5 Rxb5 41. Kg3 Kb6 42. Kf4 Rb2 43. Kxe4 Rg2 44. Kf3 Rh2 45. g5 Rh5 46. Kg4
Rh2 47. g6 Rg2+ 48. Kf5 Rf2+ 49. Ke6 Rg2 50. Kf7 Rf2+ 51. Kg8 Rg2 52. g7 Rg3
53. Rh1 1-0

[Event "Mercredi 2010.10.06 ABCD"]
[Site "Montreal CAN"]
[Date "2010.10.27"]
[Round "4"]
[White "McNeil-Duval, Hugues"]
[Black "Dardoura, Khaled"]
[Result "0-1"]
[WhiteElo "1513"]
[BlackElo "1557"]
[PlyCount "38"]
[EventDate "2010.10.06"]
[EventType "tourn"]
[EventRounds "5"]
[EventCountry "CAN"]

1. e4 c6 2. Nc3 d5 3. d4 dxe4 4. Nxe4 Bf5 5. Ng3 Bg6 6. Bf4 e6 7. Nf3 Nd7 8.
Bd3 Bxd3 9. Qxd3 Ngf6 10. c4 Bb4+ 11. Nd2 Nc5 12. Qe3 Ng4 13. Qf3 Qxd4 14. Ke2
Qxf2+ 15. Qxf2 Nxf2 16. Kxf2 Nd3+ 17. Kf3 Nxf4 18. Kxf4 Bxd2+ 19. Ke4 O-O-O 0-1

[Event "Mercredi 2010.10.06 ABCD"]
[Site "Montreal CAN"]
[Date "2010.10.27"]
[Round "4"]
[White "Pozdnyakov, Alexander"]
[Black "Baran, Marius"]
[Result "1/2-1/2"]
[WhiteElo "1650"]
[BlackElo "1592"]
[PlyCount "83"]
[EventDate "2010.10.06"]
[EventType "tourn"]
[EventRounds "5"]
[EventCountry "CAN"]

1. e4 c5 2. Nc3 Nc6 3. g3 Nf6 4. Bg2 e6 5. d3 d5 6. f4 d4 7. Nce2 e5 8. Nf3 Bd6
9. fxe5 Nxe5 10. Nxe5 Bxe5 11. O-O O-O 12. Bf4 Qc7 13. h3 Be6 14. Bxe5 Qxe5 15.
Nf4 Rae8 16. Kh2 b5 17. a4 b4 18. b3 a5 19. Qe2 Nd7 20. Nxe6 Qxe6 21. Qh5 Ne5
22. Qf5 g6 23. Qxe6 fxe6 24. g4 g5 25. Kg3 Rxf1 26. Rxf1 Rf8 27. Rxf8+ Kxf8 28.
Bf3 Ng6 29. Bd1 Kf7 30. Be2 Kf6 31. Bd1 Ke5 32. Bf3 h6 33. Bd1 Nf4 34. Bf3 Ng6
35. Bd1 Kf6 36. Bf3 e5 37. Bd1 Nf4 38. Bf3 Kg6 39. h4 gxh4+ 40. Kxh4 Kf6 41.
Kg3 Kg5 42. Bd1 1/2-1/2

[Event "Mercredi 2010.10.06 ABCD"]
[Site "Montreal CAN"]
[Date "2010.10.27"]
[Round "4"]
[White "Pregent, Daniel"]
[Black "Ber, Alexandre"]
[Result "1-0"]
[WhiteElo "1761"]
[BlackElo "1569"]
[PlyCount "61"]
[EventDate "2010.10.06"]
[EventType "tourn"]
[EventRounds "5"]
[EventCountry "CAN"]

1. d4 e6 2. c4 f5 3. Nc3 Nf6 4. g3 Be7 5. Bg2 O-O 6. Nf3 d5 7. O-O c6 8. b3 Bd7
9. Qc2 Ne4 10. Ne5 Be8 11. f3 Nxc3 12. Qxc3 Nd7 13. Bf4 Nxe5 14. Bxe5 Bf6 15.
f4 Bxe5 16. fxe5 g5 17. e3 Bg6 18. Qb4 Rf7 19. Rf2 Qf8 20. Qd6 Qe8 21. cxd5
cxd5 22. Rc1 Rd7 23. Qc5 b6 24. Qc6 Re7 25. Rfc2 g4 26. Bf1 Qf8 27. Ba6 Rd8 28.
Qb5 f4 29. Rc8 fxe3 30. Rxd8 Re8 31. Rxe8 1-0

[Event "Mercredi 2010.10.06 ABCD"]
[Site "Montreal CAN"]
[Date "2010.10.27"]
[Round "4"]
[White "Yun, Chang"]
[Black "Gates, Claude-Eric"]
[Result "1-0"]
[WhiteElo "1780"]
[BlackElo "1781"]
[PlyCount "107"]
[EventDate "2010.10.06"]
[EventType "tourn"]
[EventRounds "5"]
[EventCountry "CAN"]

1. e4 e5 2. Nf3 Nf6 3. Nxe5 d6 4. Nf3 Nxe4 5. d4 d5 6. Bd3 Bd6 7. c4 c6 8. O-O
O-O 9. Nc3 Nxc3 10. bxc3 dxc4 11. Bxc4 Bg4 12. Bd3 Nd7 13. Bc2 Qf6 14. Qd3 Qg6
15. Qxg6 hxg6 16. Ng5 Nb6 17. Ne4 Be7 18. Bf4 Rad8 19. Rab1 Nd5 20. Rxb7 Rfe8
21. Bd2 Kf8 22. Bb3 a6 23. c4 Bf5 24. Ba5 Rb8 25. Rxb8 Rxb8 26. Ng3 Nf4 27.
Nxf5 gxf5 28. Rd1 c5 29. Kf1 Ne6 30. d5 Nd4 31. Bc7 Rb7 32. d6 Nxb3 33. dxe7+
Ke8 34. Bd6 Na5 35. Bxc5 Nc6 36. Rd3 Nxe7 37. Re3 Kd8 38. Bxe7+ Rxe7 39. Rxe7
Kxe7 40. Ke2 Kd6 41. f4 Kc6 42. h3 f6 43. h4 Kb6 44. Kd3 Kc6 45. h5 a5 46. Kd4
Kd6 47. a4 Ke6 48. Kc5 Kd7 49. Kb6 Kc8 50. Kxa5 Kb8 51. Kb6 Ka8 52. c5 Kb8 53.
c6 Ka8 54. Kc7 1-0

[Event "Mercredi 2010.10.06 ABCD"]
[Site "Montreal CAN"]
[Date "2010.11.03"]
[Round "5"]
[White "Baran, Marius"]
[Black "McNeil-Duval, Hugues"]
[Result "1-0"]
[WhiteElo "1592"]
[BlackElo "1513"]
[PlyCount "47"]
[EventDate "2010.10.06"]
[EventType "tourn"]
[EventRounds "5"]
[EventCountry "CAN"]

1. d4 d5 2. c4 c6 3. Nc3 Bf5 4. Qb3 e5 5. Qxb7 Nd7 6. e3 dxc4 7. Bxc4 c5 8. Nf3
Rb8 9. Qxa7 exd4 10. Nb5 Be7 11. Nc7+ Kf8 12. O-O Nb6 13. Ne5 Nxc4 14. Nc6 Qc8
15. Qxb8 Qxb8 16. Nxb8 Bd6 17. Nba6 Bd3 18. Re1 Nf6 19. exd4 cxd4 20. b4 Bc2
21. Nb5 d3 22. Nxd6 Nxd6 23. b5 Nc4 24. b6 1-0

[Event "Mercredi 2010.10.06 ABCD"]
[Site "Montreal CAN"]
[Date "2010.11.03"]
[Round "5"]
[White "Ber, Alexandre"]
[Black "Pozdnyakov, Alexander"]
[Result "0-1"]
[WhiteElo "1569"]
[BlackElo "1650"]
[PlyCount "36"]
[EventDate "2010.10.06"]
[EventType "tourn"]
[EventRounds "5"]
[EventCountry "CAN"]

1. d4 f5 2. c4 e6 3. Nc3 Nf6 4. g3 Be7 5. Bg2 d6 6. Nh3 O-O 7. O-O e5 8. dxe5
dxe5 9. Qb3 c6 10. c5+ Kh8 11. Rd1 Qe8 12. Ng5 Bxc5 13. Rd8 Qxd8 14. e3 Qe8 15.
Bd2 Na6 16. a3 h6 17. Nf3 e4 18. Ne1 Nc7 0-1

[Event "Mercredi 2010.10.06 ABCD"]
[Site "Montreal CAN"]
[Date "2010.11.03"]
[Round "5"]
[White "Dardoura, Khaled"]
[Black "Pregent, Daniel"]
[Result "0-1"]
[WhiteElo "1557"]
[BlackElo "1761"]
[PlyCount "54"]
[EventDate "2010.10.06"]
[EventType "tourn"]
[EventRounds "5"]
[EventCountry "CAN"]

1. d4 Nf6 2. c4 e6 3. Nc3 Bb4 4. Nf3 b6 5. e3 Bb7 6. Bd3 O-O 7. O-O c5 8. a3
Bxc3 9. bxc3 d6 10. Re1 Nc6 11. e4 e5 12. d5 Na5 13. Nd2 Ba6 14. Re3 Qd7 15. a4
Rae8 16. Rg3 Bc8 17. Nf1 Nxe4 18. Bxe4 f5 19. Bh6 Rf7 20. Bxf5 Qxf5 21. Rf3 Qg6
22. Rxf7 Qxf7 23. Be3 Rf8 24. Nd2 Qg6 25. Kf1 Bf5 26. Nf3 Nxc4 27. Qe1 Bd3+ 0-1

[Event "Mercredi 2010.10.06 ABCD"]
[Site "Montreal CAN"]
[Date "2010.11.03"]
[Round "5"]
[White "Deshetres, Michel"]
[Black "Yun, Chang"]
[Result "0-1"]
[WhiteElo "1803"]
[BlackElo "1780"]
[PlyCount "80"]
[EventDate "2010.10.06"]
[EventType "tourn"]
[EventRounds "5"]
[EventCountry "CAN"]

1. e4 c5 2. Nf3 d6 3. d4 cxd4 4. Nxd4 Nf6 5. Nc3 g6 6. Be3 Bg7 7. f3 Nc6 8. Qd2
O-O 9. Bc4 Bd7 10. O-O-O Rc8 11. Bb3 Nxd4 12. Bxd4 b5 13. Nd5 Nxd5 14. exd5
Bxd4 15. Qxd4 a5 16. a3 Rc5 17. g4 Qc7 18. c3 b4 19. axb4 axb4 20. Kd2 bxc3+
21. bxc3 Rc8 22. Rc1 e5 23. Qe3 Rb8 24. c4 Qa5+ 25. Ke2 Ba4 26. Bxa4 Qxa4 27.
Qc3 Rb4 28. Ra1 Rbxc4 29. Rxa4 Rxc3 30. Rb1 Rc2+ 31. Kd1 Rxh2 32. Rb8+ Kg7 33.
Raa8 Rxd5+ 34. Kc1 g5 35. Rg8+ Kf6 36. Ra7 Rdd2 37. Rf8 Rdg2 38. Rfxf7+ Ke6 39.
Rfe7+ Kd5 40. Ra5+ Kc6 0-1

[Event "Mercredi 2010.10.06 ABCD"]
[Site "Montreal CAN"]
[Date "2010.11.03"]
[Round "5"]
[White "Gates, Claude-Eric"]
[Black "Gauthier, Luc"]
[Result "1-0"]
[WhiteElo "1781"]
[BlackElo "1835"]
[PlyCount "55"]
[EventDate "2010.10.06"]
[EventType "tourn"]
[EventRounds "5"]
[EventCountry "CAN"]

1. c4 f5 2. g3 Nf6 3. Bg2 e6 4. Nf3 Be7 5. O-O O-O 6. Nc3 d6 7. d3 Qe8 8. e4
fxe4 9. dxe4 Nc6 10. h3 e5 11. Be3 h6 12. Rc1 Bd8 13. c5 dxc5 14. Bxc5 Rf7 15.
Re1 b6 16. Be3 Be6 17. a3 Na5 18. Nd5 Bxd5 19. exd5 e4 20. Nh2 Rd7 21. Ng4 Nxd5
22. Bxh6 Ne3 23. Qa4 Nxg2 24. Kxg2 gxh6 25. Nxh6+ Kh7 26. Rxe4 Qxe4+ 27. Qxe4+
Kxh6 28. Qe6+ 1-0

[Event "Mercredi 2010.10.06 ABCD"]
[Site "Montreal CAN"]
[Date "2010.11.03"]
[Round "5"]
[White "Gauthier, Denis"]
[Black "Sasseville, Jean"]
[Result "1/2-1/2"]
[WhiteElo "1920"]
[BlackElo "1996"]
[PlyCount "147"]
[EventDate "2010.10.06"]
[EventType "tourn"]
[EventRounds "5"]
[EventCountry "CAN"]

1. d4 f5 2. Nc3 Nf6 3. Bg5 d5 4. Bxf6 exf6 5. e3 Be6 6. Bd3 Nc6 7. a3 Qd7 8.
Qf3 O-O-O 9. Nge2 g6 10. h3 h5 11. Nf4 Bf7 12. Bb5 Bh6 13. O-O-O Rhe8 14. Kb1
Qd6 15. Nd3 Re7 16. g3 a6 17. Nc5 Na7 18. Bd3 Kb8 19. Rhe1 Nc8 20. b3 Qc6 21.
Kb2 Nd6 22. Bf1 Ne4 23. N3xe4 fxe4 24. Qe2 g5 25. Qd2 f5 26. Nxa6+ Ka7 27. Nb4
Qd6 28. Qc3 f4 29. Qc5+ Qxc5 30. dxc5 Bg7+ 31. c3 fxg3 32. fxg3 g4 33. hxg4
hxg4 34. Be2 Be5 35. Nc2 Bxg3 36. Rg1 Bf2 37. Rxg4 Bh5 38. Rg2 Bxe2 39. Rd2
Bxe3 40. Nxe3 Bd3 41. Rdf2 c6 42. Kc1 Rdd7 43. Kd2 Rf7 44. Nf5 Rf6 45. Nd6
Rxf2+ 46. Rxf2 Ba6 47. Ke3 Rh7 48. Kd4 Rh3 49. Rf8 Rd3+ 50. Ke5 b5 51. Rf7+ Kb8
52. Rf8+ Kc7 53. Rf7+ Kd8 54. Ra7 e3 55. Nf7+ Ke8 56. Nd6+ Kd8 57. Nf7+ Kc8 58.
Re7 Rxc3 59. Kd6 Kb8 60. Kxc6 Bc8 61. Re8 Ka7 62. Rxc8 d4 63. Nd6 Rxb3 64.
Nxb5+ Rxb5 65. Kxb5 d3 66. Re8 d2 67. Re7+ Kb8 68. Kb6 Kc8 69. c6 d1=Q 70. Re8+
Qd8+ 71. Rxd8+ Kxd8 72. Kb7 e2 73. c7+ Ke7 74. c8=Q 1/2-1/2

[Event "Mercredi 2010.10.06 ABCD"]
[Site "Montreal CAN"]
[Date "2010.11.03"]
[Round "5"]
[White "Giroux, Robert"]
[Black "Arsenault, Nicolas"]
[Result "0-1"]
[WhiteElo "2070"]
[BlackElo "2225"]
[PlyCount "46"]
[EventDate "2010.10.06"]
[EventType "tourn"]
[EventRounds "5"]
[EventCountry "CAN"]

1. e4 e6 2. d4 d5 3. Nc3 Nf6 4. Bg5 dxe4 5. Nxe4 Be7 6. Bxf6 Bxf6 7. Nf3 O-O 8.
Qd2 Nd7 9. O-O-O b6 10. h4 Bb7 11. Bd3 Be7 12. Qf4 Qb8 13. Nfg5 h6 14. f3 c5
15. Qxb8 Raxb8 16. Bb5 hxg5 17. Bxd7 gxh4 18. dxc5 bxc5 19. Nd6 Bd5 20. Nf5
Bg5+ 21. Kb1 Rfd8 22. f4 Bf6 23. b3 Rxd7 0-1